00437nam a2200169Ia 4500008004100000020001600041050000800057050001600065100001800081245003700099245002800136260000900164300001500173440002400188650004400212650001100256160319s9999 xx 000 0 und d a0-517288087 aFic b.R661g 1980 aRobinson, Ian aGoldilocks and the three bears / cretold by Ian Robinson. c1980 a19 pages : aClassic Fairytales. aChildren's stories in English, 1945- -  xTexts.